The Disabled Child : Memoirs of a Normal Future.

Bibliographic Details
Main Author: Apgar, Amanda.
Format: eBook
Language:English
Published: Ann Arbor : University of Michigan Press, 2023.
Edition:1st ed.
Series:Corporealities: Discourses of Disability Series
Subjects:
Online Access:Click to View
LEADER 02010nam a22003973i 4500
001 EBC7144685
003 MiAaPQ
005 20231204023228.0
006 m o d |
007 cr cnu||||||||
008 231204s2023 xx o ||||0 eng d
020 |a 9780472903030  |q (electronic bk.) 
020 |z 9780472075690 
035 |a (MiAaPQ)EBC7144685 
035 |a (Au-PeEL)EBL7144685 
035 |a (OCoLC)1346252109 
040 |a MiAaPQ  |b eng  |e rda  |e pn  |c MiAaPQ  |d MiAaPQ 
082 0 |a 362.4083 
100 1 |a Apgar, Amanda. 
245 1 4 |a The Disabled Child :  |b Memoirs of a Normal Future. 
250 |a 1st ed. 
264 1 |a Ann Arbor :  |b University of Michigan Press,  |c 2023. 
264 4 |c Ã2023. 
300 |a 1 online resource (215 pages) 
336 |a text  |b txt  |2 rdacontent 
337 |a computer  |b c  |2 rdamedia 
338 |a online resource  |b cr  |2 rdacarrier 
490 1 |a Corporealities: Discourses of Disability Series 
505 0 |a Intro -- Contents -- Acknowledgments -- Introduction -- Chapter 1. Towards a Narrative Theory of Childhood Development -- Chapter 2. Settler Colonialism, Anti-Blackness, and the Narrative of Overcoming -- Chapter 3. A Better Future -- Chapter 4. Gender Normal Future -- Chapter 5. "There is no narrative": Childhood Disability, Queerness, and "No Future" -- Conclusion. Nothing About Them, Without Us -- Notes -- Bibliography -- Index. 
588 |a Description based on publisher supplied metadata and other sources. 
590 |a Electronic reproduction. Ann Arbor, Michigan : ProQuest Ebook Central, 2023. Available via World Wide Web. Access may be limited to ProQuest Ebook Central affiliated libraries.  
655 4 |a Electronic books. 
776 0 8 |i Print version:  |a Apgar, Amanda  |t The Disabled Child  |d Ann Arbor : University of Michigan Press,c2023  |z 9780472075690 
797 2 |a ProQuest (Firm) 
830 0 |a Corporealities: Discourses of Disability Series 
856 4 0 |u https://ebookcentral.proquest.com/lib/matrademy/detail.action?docID=7144685  |z Click to View